| 000 | 01337nam2a22003131 4500 | ||
|---|---|---|---|
| 001 | v19\rc\1384737 | ||
| 005 | 20250618091847.0 | ||
| 035 | _a(NLR Aleph) 004518863 | ||
| 090 |
_a4845601 _c4845601 |
||
| 100 | _a20060512d1880 |||y0rusy50 ca | ||
| 101 | 0 | _arus | |
| 102 | _aRU | ||
| 105 | _ay z ||||| | ||
| 200 | 0 | _aза 1879 год | |
| 210 |
_d1880 _aБ. м. |
||
| 215 | _a341 с. разд. паг. | ||
| 461 | 0 |
_1001v19\rc\1384727 _12001#$aПротоколы заседаний Конференции Императорской Военно-медицинской академии...$vза 1879 год _94845506 _aИмператорская военно-медицинская академия (Петербург). Конференция _cПетроград _d1870-1914 _tПротоколы заседаний Конференции Императорской Военно-медицинской академии... _vза 1879 год |
|
| 801 | 0 |
_aRU _bNLR _gpsbo |
|
| 801 | 0 |
_aRU _bRuMoRGB _2psbo |
|
| 801 | 1 |
_aRU _bProSoft-M _2rusmarc |
|
| 852 |
_aNLR _j18.224.3.11 |
||
| 852 |
_aNLR _j130/391 |
||
| 899 |
_aRuMoRGB (1872-1913*) _jA 203/5 |
||
| 899 |
_aRuMoRGB (1872-1913*) _jA 208/408 |
||
| 899 | _aБАН (1872-1913*) | ||
| 899 | _aНБ СПбГУ (1870-1897*) | ||
| 899 | _aНБ МГУ (1870-1913*) | ||
| 942 | _cBOOK | ||
| 980 | _aNB | ||